| 000 | 00857nam a2200253 4500 | ||
|---|---|---|---|
| 005 | 20210529025614.0 | ||
| 008 | 210529s1991 pe |||fr|||| 001 0 spa d | ||
| 040 |
_aCENDOC CAAAP _bspa _cCAAAP |
||
| 041 | _aspa | ||
| 050 |
_aFP 360S _bR74 |
||
| 100 | 1 |
_93126 _aRodriguez R., Elizado |
|
| 245 |
_aSatipo y la real historia de los colonos fundadores / _cElizado Rodriguez R. |
||
| 250 | _a1ra ed. | ||
| 260 |
_aSatipo, _c1991 |
||
| 300 | _a189 p. | ||
| 500 | _aLibro fotocopiado | ||
| 505 | _aContiene : Época del virreinato --Satipo en la Emancipación -- Satipo en la época republicana -- Satipo en la carretera republicana. | ||
| 650 | 1 | 0 |
_98 _aHistoria |
| 650 | 2 | 0 |
_9244 _aColonialismo |
| 650 | 2 | 0 |
_91678 _aGobierno Local |
| 650 | 2 | 0 |
_9936 _aInfraestructura del Transporte |
| 651 | 1 | 0 |
_93127 _aSatipo _zJunín, Perú |
| 942 |
_2lcc _b29 - 05 - 21 _cBK |
||
| 999 |
_c1465 _d1465 |
||